Estadísticas para Abreviaturas de palabras

Haz click aquí para intentar la prueba.

Estadísticas generales

  • Esta prueba ha sido intentada 1.373 veces
  • La puntuación promedio es 16 de 28

Estadísticas de respuestas

AbreviaturaPalabra(s) Entera(s)% Correcto
pág.Página
97%
ej.Ejemplo / Ejemplar
95%
vol.Volumen
91%
Ud.Usted
90%
Univ.Universidad
88%
Abg.Abogado
81%
cap.ºCapítulo
81%
JJ. OO.Juegos Olímpicos
81%
prov.Provincia
79%
pza.Plaza
77%
a. de C.Antes de Cristo
69%
S.ªSeñora / Señoría
69%
Magfca.Magnífica
66%
q. e. p. d.Que en paz descanse
63%
Gral.General
60%
PdtePresidente
56%
D. F.Distrito Federal
49%
Barna.Barcelona
47%
R. D.Real Decreto / República Dominicana
47%
Rvdo.Reverendo
46%
Lcdo.Licenciado
40%
Sdad.Sociedad
39%
c/uCada uno
37%
GdoraGobernadora
20%
N. del T.Nota del traductor
18%
Xto.Cristo
16%
aa. vv.Autores varios
11%
Bmo.Beatísimo
6%

Distribución de puntuación

Porcentaje por número respondido

Porcentaje de gente con cada puntuación

Historial de tus puntuaciones

No has intentado esta prueba.